<?xml version="1.0" encoding="UTF-8"?>
<record
    xmlns:xsi="http://www.w3.org/2001/XMLSchema-instance"
    xsi:schemaLocation="http://www.loc.gov/MARC21/slim http://www.loc.gov/standards/marcxml/schema/MARC21slim.xsd"
    xmlns="http://www.loc.gov/MARC21/slim">

  <leader>00465nam a22001817a 4500</leader>
  <controlfield tag="001">10054</controlfield>
  <controlfield tag="003">FISKH</controlfield>
  <controlfield tag="005">20260403112357.0</controlfield>
  <controlfield tag="008">260402b        cb ||||| |||| 00| 0 eng d</controlfield>
  <datafield tag="020" ind1=" " ind2=" ">
    <subfield code="a">9787557529239</subfield>
  </datafield>
  <datafield tag="040" ind1=" " ind2=" ">
    <subfield code="a">FISKH</subfield>
    <subfield code="b">chi</subfield>
    <subfield code="c">FISKH</subfield>
    <subfield code="d">FISKH</subfield>
  </datafield>
  <datafield tag="082" ind1=" " ind2=" ">
    <subfield code="a">741.5</subfield>
  </datafield>
  <datafield tag="100" ind1=" " ind2=" ">
    <subfield code="a">&#x9F9A;&#x623F;&#x82B3;</subfield>
  </datafield>
  <datafield tag="245" ind1=" " ind2=" ">
    <subfield code="a"> (&#x6211;&#x7231;&#x7238;&#x7238;) ( I love dad ) /</subfield>
    <subfield code="c">&#x9F9A;&#x623F;&#x82B3;</subfield>
  </datafield>
  <datafield tag="300" ind1=" " ind2=" ">
    <subfield code="a">31 pages : </subfield>
    <subfield code="b">color illustrations ;</subfield>
    <subfield code="c">22 cm . </subfield>
  </datafield>
  <datafield tag="942" ind1=" " ind2=" ">
    <subfield code="2">ddc</subfield>
    <subfield code="c">BOOK</subfield>
    <subfield code="n">0</subfield>
  </datafield>
  <datafield tag="999" ind1=" " ind2=" ">
    <subfield code="c">10054</subfield>
    <subfield code="d">10054</subfield>
  </datafield>
  <datafield tag="952" ind1=" " ind2=" ">
    <subfield code="0">0</subfield>
    <subfield code="1">0</subfield>
    <subfield code="2">ddc</subfield>
    <subfield code="4">0</subfield>
    <subfield code="7">0</subfield>
    <subfield code="8">REF</subfield>
    <subfield code="a">002</subfield>
    <subfield code="b">002</subfield>
    <subfield code="c">LSHTTP</subfield>
    <subfield code="d">2026-04-02</subfield>
    <subfield code="l">0</subfield>
    <subfield code="o">&#x9F9A;&#x623F;&#x82B3; 741.5</subfield>
    <subfield code="p">2026-0435</subfield>
    <subfield code="r">2026-04-02 10:37:00</subfield>
    <subfield code="w">2026-04-02</subfield>
    <subfield code="y">BK</subfield>
  </datafield>
</record>
